000 01646 a2200205 4500
001 30660
005 20260407155616.0
008 260407a1964 arg spa d
003 AR-UNSa-BCEJYS
040 _aAR-UNSa-BCEJYS
_bspa
_cAR-UNSa-BCEJYS
080 _a657.44
_xCuentas de pérdidas y ganancias
245 1 0 _aInterpretación y estudio crítico de los estados de pérdidas y ganancias
264 1 _aBarcelona :
_bLabor
_c1964
300 _a352 p.
_c23 cm.
505 _a1. Formas de los estados de pérdidas y ganancias - 2. Ventas brutas,ventas líquidas y análisis de ventas - 3. Coste de los artículos vendidos - 4. Partidas esenciales de coste en las cuentas de pérdidas y ganancias - 5. Gastos por inactividad e intereses sobre el capital invertido - 6. Beneficio bruto,gastos de venta y de administración - 7. Beneficio liquido de explotación,otros productos y distribución de beneficios - 8. Beneficios con relación a dividendos e intereses de deuda consolidada - 9. Distribución de beneficios - 10. Dividendos en acciones - 11. Superávit y pérdidas y ganancias - 12. Consolidación de estados de pérdidas y ganancias - 13. Compras y ventas entre compañias agrupadas - 14. Análisis de los estados de pérdidas y ganancias - 15. Relación del estado de pérdidas y ganancias con el balance de situación - 16. El estado de pérdidas y ganancias como signo de los defectos de dirección - 17. Manipulaciones en los estados de pérdidas y ganancias para ocultar los verdaderos resultados.
942 _cBK
590 _aniveau_biblio:m niveau_hierar:0
100 1 _aAndany Sanz, Angel
700 1 _aStockwell, Herbert G.
999 _c2100
_d2100